000 01435cam a2200349 a 4500
999 _c1195
_d1195
001 14887863
003 OSt
005 20220808153318.0
008 070611t20072006maua j 000 0 eng d
010 _a 2007930635
020 _a9780763637101
020 _a0763637106
035 _a(OCoLC)ocn232332871
040 _aOKU
_cOKU
_dDLC
_dKH8
042 _alccopycat
082 0 0 _a133 STE
_222
100 1 _aSteer, Dugald.
245 1 0 _aWizardology :
_ba guide to wizards of the world /
_cedited for the modern reader by Dugald A. Steer and A.J. Wood.
246 1 8 _aGuide to wizards of the world
246 3 0 _aWizards of the world
250 _a1st U.S. ed.
260 _aCambridge, Mass. :
_bCandlewick Press,
_c2007, c2006.
300 _a1 v. (unpaged) :
_bcol. ill. ;
_c27 cm. +
_e24 wizard cards.
500 _a"Being a true account of wizards in the known world as told by Master Merlin"--Cover.
520 _aHistory's most respected wizard, Merlin, describes the skills, techniques, and equipment of wizards around the globe, explains their characteristic use of spells, familiars, and potions, and offers other information and advice for apprentices.
650 0 _aWizards
_vJuvenile literature.
650 0 _aMagic
_vJuvenile literature.
650 0 _aMerlin (Legendary character)
_vJuvenile literature.
700 1 _aWood, A. J.,
_d1960-
906 _a7
_bcbc
_ccopycat
_d2
_eepcn
_f20
_gy-gencatlg
942 _2ddc
_cNFIC